01766nam a22001577a 4500008004100000020001800041050002500059245017800084250001200262260003300274300001900307440007300326500002000399505117100419700001801590140819b xxu||||| |||| 00| 0 eng d a9781405738132 aKD310.H34(5e vol.13) aHalbury's laws of England : Choses in Action Clubs, Commonhold, Commons, Commonwealth, vol. 13. /cLord Mackay.bChoses in action Clubs, Commonhold, Commons, Commonwealth. / a5th ed. aLondon:bLexis Nexis,c2009. a614p. :c26cm. vvol. 13pChoses in action clubs, commonhold, commons, commonwealth.  aIncludes index. aContents: How to use Halbury's laws of England -- References and abbreviations -- Table of statutes -- Table of statutory instruments --Table of European community legislation -- Table of other enactments -- Table of cases -- Volume 13:Choses in Action: table of contents -- Description and classification -- Assignment of choses in action -- Choses in action not capable of assignment -- Clubs: Table of contents -- Constitution, management and property -- Clubs and their members in external relations -- Dissolution of clubs -- Commonhold:Table of contents -- Introduction -- Establishing commonhold -- The division of commonhold -- The operation of commonhold -- Transactions involving commonhol land -- Termination of commonhold -- Commons:Table of contents -- Introduction -- Rights of common and related rights -- Registration of common land -- Rights and duties of freeholder and commoners -- Public rights of access over commons -- Regulation of common and works on commons -- Commonwealth: Table of contents -- The commonwealth association -- Member countries -- Crown dependencies -- British overseas territories -- The extention of english law -- Index. aMackay, Lord.